|
|
|
|
| LEADER |
00000cam a2200000 7i4500 |
| 001 |
0000078555 |
| 005 |
20120806.0 |
| 008 |
080409 eng |
| 020 |
|
|
|a 9839024396
|
| 090 |
0 |
0 |
|a J 028.5 SER
|
| 100 |
1 |
|
|a Suzee Leong
|
| 245 |
1 |
4 |
|a The Watchbird
|c Suzee Leong
|
| 260 |
|
|
|a Selangor :
|b System Publishing Services Sdn Bhd ,
|c 1994
|
| 300 |
|
|
|a 60p. :
|b col.ill. ;
|c 14cm.
|
| 440 |
|
0 |
|a The Library Readers Series
|
| 650 |
0 |
0 |
|a Junior Fiction-English
|
| 999 |
|
|
|a 0000116292
|b Buku
|c Koleksi Pinjaman Kanak-Kanak
|e Perpustakaan Cawangan Masjid Tanah
|
| 999 |
|
|
|a 0000195353
|b Buku
|c Koleksi Pinjaman Kanak-Kanak
|e PK Melaka Mall
|
| 999 |
|
|
|a 0000195368
|b Buku
|c Koleksi Pinjaman Kanak-Kanak
|e PK Melaka Mall
|
| 999 |
|
|
|a 2007
|b Buku
|c Koleksi Pinjaman Kanak-Kanak
|e Perpustakaan Cawangan Merlimau
|
| 999 |
|
|
|a 4307
|b Buku
|c Koleksi Pinjaman Kanak-Kanak
|e Perpustakaan Cawangan Merlimau
|